| 000 | 00514nam a22001817a 4500 | ||
|---|---|---|---|
| 005 | 20250829132537.0 | ||
| 008 | 250829b |||||||| |||| 00| 0 eng d | ||
| 020 | _a978-81-975310-8-8 | ||
| 041 | _aEnglish | ||
| 082 | _aA 611 SON DB1397 | ||
| 100 |
_aSoni Pankaj _9181600 |
||
| 245 | _aTextbook of Applied Anatomy and Physiology for BSc Nursing Students | ||
| 250 | _a2nd ed. | ||
| 260 |
_aMohali, Punjab _bVision Health Sciences Publishers _c2025 |
||
| 300 | _a548p | ||
| 365 | _bRs.1295.00 | ||
| 942 | _cDB | ||
| 999 |
_c367564 _d367564 |
||